The secret of the Pacific;: a discussion of the origin of the early civilisations of America, the Toltecs, Aztecs, Mayas, Incas, and their predecessors; and of the possibilities of Asiatic influence thereon,
| Main Author: | |
|---|---|
| Corporate Authors: | ; |
| Format: | Electronic Book |
| Language: | English |
| Check availability: | HBZ Gateway |
| Interlibrary Loan: | Interlibrary Loan for the Fachinformationsdienste (Specialized Information Services in Germany) |
| Published: |
New York,
C. Scribner's sons; [etc., etc.]
1912
|
| In: | Year: 1912 |
| Further subjects: | B
Mexico
Antiquities
B America Antiquities B Pacific Ocean B History B Indians Origin B Man Migrations |
| Online Access: |
Volltext (kostenfrei) |
| Sammlungen: |
MARC
| LEADER | 00000cam a22000002c 4500 | ||
|---|---|---|---|
| 001 | 1894153413 | ||
| 003 | DE-627 | ||
| 005 | 20241216055143.0 | ||
| 007 | cr uuu---uuuuu | ||
| 008 | 240704s1912 xx |||||o 00| ||eng c | ||
| 035 | |a (DE-627)1894153413 | ||
| 035 | |a (DE-599)KXP1894153413 | ||
| 035 | |a (PRTC)secretofpacificd00enoc_1 | ||
| 040 | |a DE-627 |b ger |c DE-627 |e rda | ||
| 041 | |a eng | ||
| 050 | 0 | |a E 61 | |
| 084 | |a 1 |2 ssgn | ||
| 100 | 1 | |a Enock, Charles Reginald |d 1868- |e VerfasserIn |4 aut | |
| 245 | 1 | 4 | |a The secret of the Pacific; |b a discussion of the origin of the early civilisations of America, the Toltecs, Aztecs, Mayas, Incas, and their predecessors; and of the possibilities of Asiatic influence thereon, |c by C. Reginald Enock ... with 56 illustrations and 2 maps |
| 264 | 1 | |a New York, |b C. Scribner's sons; [etc., etc.] |c 1912 | |
| 300 | |a 1 Online-Ressource (359, [1] p.) |b illus., plates, plan, fold.maps | ||
| 336 | |a Text |b txt |2 rdacontent | ||
| 337 | |a Computermedien |b c |2 rdamedia | ||
| 338 | |a Online-Ressource |b cr |2 rdacarrier | ||
| 500 | |a Includes bibliographical references and index | ||
| 601 | |a Influencer | ||
| 650 | 0 | |a Indians |x Origin | |
| 650 | 0 | |a Man |x Migrations | |
| 651 | 0 | |a America |x Antiquities | |
| 651 | 0 | |a Mexico |x Antiquities | |
| 651 | 0 | |a Pacific Ocean | |
| 655 | 0 | |a History | |
| 710 | 2 | |a Princeton Theological Seminary |e MitwirkendeR |4 ctb | |
| 710 | 2 | |a Henry Luce Foundation |e SponsorIn |4 spn | |
| 856 | 4 | 0 | |u https://commons.ptsem.edu/id/secretofpacificd00enoc_1 |m X:PRTC |x Digitalisierung |z kostenfrei |7 0 |
| 935 | |a PRTC |a mteo | ||
| 951 | |a BO | ||
| ELC | |a 1 | ||
| LOK | |0 000 xxxxxcx a22 zn 4500 | ||
| LOK | |0 001 4547032416 | ||
| LOK | |0 003 DE-627 | ||
| LOK | |0 004 1894153413 | ||
| LOK | |0 005 20240704180456 | ||
| LOK | |0 008 240704||||||||||||||||ger||||||| | ||
| LOK | |0 035 |a (DE-Tue135)secretofpacificd00enoc_1 | ||
| LOK | |0 040 |a DE-Tue135 |c DE-627 |d DE-Tue135 | ||
| LOK | |0 092 |o n | ||
| LOK | |0 689 |a f |a Book | ||
| LOK | |0 852 |a DE-Tue135 | ||
| LOK | |0 852 1 |9 00 | ||
| LOK | |0 866 |x SPQUE#Theological Commons Princeton | ||
| LOK | |0 935 |a PRTC | ||
| LOK | |0 939 |a 04-07-24 |b l01 | ||
| OAS | |a 1 | ||
| ORI | |a SA-MARC-ixtheoa001.raw | ||